000 00439nam a2200169 a 4500
001 0000-8739
003 ELIB.Books
008 110520 1977
035 _a(ELIB.Books)0000-8885
082 _a253.5
_bCob
100 _aCobb, John B.
245 _aTheology and Pastoral Care
260 _bPhiladelphia: Fortress Press
_c1977
650 _aPastoral Work Counseling
942 _2ddc
_cBK
998 _cbat
_e2011-05-20
999 _c8739
_d8739